|
|
|
|
| LEADER |
00585cam a2200157ua 4500 |
| 999 |
|
|
|c 38366
|d 38366
|
| 020 |
|
|
|a 8180693988
|
| 082 |
1 |
4 |
|a 343.54140252
|b ABH-L
|
| 100 |
1 |
|
|a Abijit Guha .
|
| 245 |
1 |
0 |
|a Land, law and the left:
|b saga of disempowerment of the peasantry in the era of globalization /
|
| 260 |
|
|
|a New Delhi :
|b Concept publishing company,
|c 2007.
|
| 300 |
|
|
|a 259p. ;
|
| 650 |
|
0 |
|a Globalization
|
| 650 |
|
0 |
|a eminent domain - west bengal
|
| 942 |
|
|
|c BK
|
| 952 |
|
|
|0 0
|1 0
|4 0
|6 343_541402520000000_ABHL
|7 0
|9 49108
|a KU
|b KU
|d 2015-07-05
|g 550.00
|l 0
|o 343.54140252 ABH-L
|p AN02514
|r 2015-07-05
|y BK
|